| 000 | 00650nam a2200205 a 4500 | ||
|---|---|---|---|
| 005 | 20140412111305.0 | ||
| 008 | 010425s19uu xx 00 eng d | ||
| 020 | _a0-374-38236-0 | ||
| 050 |
_aTR(PS E _bWa11 1996 |
||
| 100 | _aTurner, Priscilla | ||
| 245 |
_aWar between the vowels and the consonants (The) / _cPriscilla Turner; pictures by Whitney Turner. |
||
| 250 | _a1st Ed. | ||
| 260 |
_aNew York : _bFarrar Straus Giroux, _c1996. |
||
| 300 | _a1 v. (unp.) ; ill. | ||
| 650 | _aWar-Fiction | ||
| 650 | _aEnglish language-Vowels-Fiction | ||
| 650 | _aEnglish language-Consonants-Fiction | ||
| 650 | _aAlphabet-Fiction | ||
| 999 |
_c103648 _d103648 |
||